00829nam a2200181 i 4500001000700000003000900007005001700016007000300033008004100036100002900077245021900106260006900325300002500394600006900419852002100488999001900509952011900528148906ES-MaACL20250714063721.0t|070214s1905 fr |||| | fre d1 aSully Prudhomme.910876413aLa vraie religion selon Pascal b: recherche de l'ordonnance purement logique de ses Pensées relatives áa la religion ; suivie d'une analyse du "Discours sur les passions de l'amour" / cpar Sully Prudhomme,... aParis : bFélix Alcan, c1905 (eCoulommiers : fPaul Brodard) aX, 444 p. ; c22 cm.14aPascal, Blaise,d1623-1662-xCrítica e interpretación989308 aES-MaACLjB-5582 c148906d148906 00104070aATENEOMbATENEOMcSPBd2008-01-17eSCl0oB-5582p1155390r2023-02-23 00:00:00w2023-02-23yMONOGRAFIA